000
00290nam a2200121Ia 4500
008
220204s9999 xx 000 0 und d
082
_a
07+32
_b
CHA
100
_a
CHALAPATHI RAU, M
245
0
_a
Journalism and politics
260
_a
Delhi
_b
Vikas
_c
1984
650
_a
Journalism
942
_c
BK
999
_c
38376
_d
38376